Качество машиностроительной продукции на различных стадиях ее жизненного цикла

Podrobná bibliografie
Hlavní autor: Протасов В. Н. Виктор Николаевич
Další autoři: Новиков О. А. Олег Александрович
Shrnutí:Рассмотрена сущность понятий «качество», «потребительское и фактическое качество» машиностроительной продукции. Проанализирована взаимосвязь качества машиностроительной продукции с качеством процессов ее проектирования и разработки, производства, монтажа и эксплуатации. Рассмотрены основные виды технической документации, определяющей потребительское качество машиностроительной продукции, и структурные составляющие, обусловливающие их содержание. Приведены структурные схемы описания потребительского качества машиностроительной продукции, ее отдельных элементов и материалов этих элементов. Изложена методология разработки технических требований к машиностроительной продукции, определяющих ее потребительское качество. Проанализирована техническая документация, определяющая качество процессов проектирования и разработки, производства, монтажа и эксплуатации машиностроительной продукции. Рассмотрены механизмы и методы обеспечения потребительского качества машиностроительной продукции на различных стадиях ее жизненного цикла. Систематизированы виды и методы контроля фактического качества машиностроительной продукции. Рассмотрены основные принципы обеспечения потребительского качества и эффективности производства машиностроительной продукции, международные системы менеджмента качества и их назначение, общая методология управления производством машиностроительной продукции. Для инженерно-технических работников, занятых проектированием и разработкой, производством, монтажом и эксплуатацией машиностроительной продукции.
Jazyk:ruština
Vydáno: Москва, Недра, 2012
Témata:
Médium: MixedMaterials Kniha
KOHA link:https://koha.lib.tpu.ru/cgi-bin/koha/opac-detail.pl?biblionumber=214777

MARC

LEADER 00000nam0a2200000 4500
001 214777
005 20231101225923.0
010 |a 9785836503895 
035 |a (RuTPU)RU\TPU\book\234667 
090 |a 214777 
100 |a 20120428d2012 km y0rusy50 ca 
101 0 |a rus 
102 |a RU 
105 |a a z 001zy 
200 1 |a Качество машиностроительной продукции на различных стадиях ее жизненного цикла  |f В. Н. Протасов, О. А. Новиков 
210 |a Москва  |c Недра  |d 2012 
215 |a 231 с.  |c ил. 
320 |a Библиогр.: с. 231. 
330 |a Рассмотрена сущность понятий «качество», «потребительское и фактическое качество» машиностроительной продукции. Проанализирована взаимосвязь качества машиностроительной продукции с качеством процессов ее проектирования и разработки, производства, монтажа и эксплуатации. Рассмотрены основные виды технической документации, определяющей потребительское качество машиностроительной продукции, и структурные составляющие, обусловливающие их содержание. Приведены структурные схемы описания потребительского качества машиностроительной продукции, ее отдельных элементов и материалов этих элементов. Изложена методология разработки технических требований к машиностроительной продукции, определяющих ее потребительское качество. Проанализирована техническая документация, определяющая качество процессов проектирования и разработки, производства, монтажа и эксплуатации машиностроительной продукции. Рассмотрены механизмы и методы обеспечения потребительского качества машиностроительной продукции на различных стадиях ее жизненного цикла. Систематизированы виды и методы контроля фактического качества машиностроительной продукции. Рассмотрены основные принципы обеспечения потребительского качества и эффективности производства машиностроительной продукции, международные системы менеджмента качества и их назначение, общая методология управления производством машиностроительной продукции. Для инженерно-технических работников, занятых проектированием и разработкой, производством, монтажом и эксплуатацией машиностроительной продукции. 
606 1 |a Машиностроительная продукция  |x Качество  |2 stltpush  |3 (RuTPU)RU\TPU\subj\41512  |9 61302 
610 1 |a системный подход 
610 1 |a жизненный цикл 
610 1 |a техническая документация 
610 1 |a проектирование 
610 1 |a разработка 
610 1 |a производство 
610 1 |a монтаж 
610 1 |a эксплуатация 
610 1 |a контроль 
675 |a 621.002:658.62  |v 3 
700 1 |a Протасов  |b В. Н.  |g Виктор Николаевич 
701 1 |a Новиков  |b О. А.  |g Олег Александрович 
801 1 |a RU  |b 63413507  |c 20120428 
801 2 |a RU  |b 63413507  |c 20150601  |g RCR 
900 |a Технологическое обеспечение качества 
900 |a Управление качеством 
942 |c BK 
959 |a 68/20120428  |d 2  |e 0,00  |f ЧЗТЛ:1  |f АНЛ:1 
959 |a 142/20121101  |d 5  |e 680,00  |f ЧЗТЛ:1  |f АНЛ:1  |f УФ:3 
959 |a 20/20130206  |d 7  |e 680,00  |f ЧЗТЛ:1  |f АНЛ:1  |f УФ:5